Statistics for Regions of France

Click here to take the quiz!

General Stats

  • This quiz has been taken 35,166 times
    (30,386 since last reset)
  • The average score is 9 of 18

Answer Stats

Region % Correct
Brittany
85%
Normandy
85%
Corsica
72%
French Guiana
59%
Île-de-France
58%
Provence-Alpes-Côte d'Azur
58%
Bourgogne-Franche-Comté
49%
Pays de la Loire
47%
Nouvelle Aquitaine
42%
Martinique
39%
Auvergne-Rhône-Alpes
37%
Guadeloupe
37%
Réunion
37%
Centre-Val de Loire
36%
Occitanie
32%
Grand Est
32%
Hauts-de-France
27%
Mayotte
25%

Score Distribution

Percentile by Number Answered

Percent of People with Each Score

Your Score History

You have not taken this quiz since the last reset